| 000 | 00632cam a2200241 4500 | ||
|---|---|---|---|
| 001 | J843 | ||
| 008 | 090401t1992 xxu||||| |||| 00| 0 eng d | ||
| 035 | _a(Sirsi) u45766 | ||
| 041 | _aeng | ||
| 050 | _a711.552 | ||
| 110 |
_aHealey and Baker _91907 |
||
| 245 | _aRetail issue No. 1, June 1992 - Predicting the UK retail property market. | ||
| 260 |
_aLondon _bHealey & Baker _c1992 |
||
| 300 | _a11p. ; 30cm. | ||
| 350 | _a0 | ||
| 650 | _aFORECASTS | ||
| 650 | _aPROPERTY MARKET | ||
| 650 | _aSHOPPING | ||
| 650 | _aSHOPS | ||
| 690 | _aPROPERTY-COMMERCIAL PROPERTY-RETAIL PROPERTY | ||
| 942 | _n0 | ||
| 948 | _c04/03/1997 | ||
| 999 |
_c91821 _d91821 |
||